000 00967cam a22002771 4500
001 6942659
003 ARRUPE
005 20220506081525.0
008 750923s1946 enk 000 0 eng
010 _a 47006094
035 _a(OCoLC)1649714
040 _aDLC
_cMNS
_dDLC
042 _apremarc
050 0 0 _aQ171
_b.P77
082 _a504
100 1 _aPolanyi, Michael,
_d1891-1976.
_94710
245 1 0 _aScience, faith and society.
_cMichael Polanyi
260 _aLondon,
_bOxford University Press,
_c1946.
300 _a80 p.
_c23 cm.
440 0 _aRiddell memorial lectures,
_v18th ser.
_951442
500 _aAt head of title: University of Durham.
505 0 _aScience and reality.--Authority and conscience.--Dedication or servitude.--Appendix: Premisses of science. Significance of new observations. Correspondence with observation.
650 0 _aScience.
_92892
906 _a7
_bcbc
_coclcrpl
_du
_encip
_f19
_gy-gencatlg
942 _2lcc
_cMONOGRAPH
999 _c131361
_d131361